000 00588nam a2200193 4500
010 _a013064
035 _a013064
037 _bCen Lib / Ret
040 _aDPL
_bEN
082 _a882.9
_bSHA
100 _aShaw, Bernard
245 _aOur theatres in the nineties /
_cby Bernard Shaw
260 _aLondon
_bConstable and Co.
_c1948
270 _aConstable and Co.
_bLondon
300 _a2 v. ; v 2. 292p.
_b24cm(Hb)
650 _aTheater -- England -- London.
650 _aEnglish drama -- 19th century -- History and criticism.
942 _2ddc
_cEN
_h882.9
_mSHA
999 _c136523
_d136523